Quiz TESV Skyrim général (niveau moyen) - Statistiques

Statistiques générales
  • Ce quiz a été pris 1 170 fois
  • Le résultat moyen est 49 sur 85
Statistiques - réponses
Hint Réponse % Correct
Nordique
96%
Blancherive
92%
Châtellerie de Blancherive
92%
Dunmer / Elfe noir
92%
Bosmer / Elfe des bois
89%
Khajiit
89%
Bréton
88%
Races jouables Altmer / Haut-elfe
87%
Argonien
87%
Solitude
87%
Bordeciel / Skyrim
84%
Impérial
83%
Orsimer / Orc
83%
Vendeaume
83%
Faillaise
81%
Rougegarde
81%
Châtellerie de Fortdhiver
78%
Fortdhiver
78%
Une Main
78%
Deux Mains
77%
Châtellerie d'Epervine
76%
Destruction
76%
Epervine
76%
Markarth
75%
Capitales Aubétoile
74%
Archerie
73%
Armure légère
72%
Armure lourde
72%
Morthal
70%
Pierre du Guerrier
70%
Pierre du Mage
69%
Pierre du Voleur
69%
Alchimie
68%
Forgeage
67%
Furtivité
66%
Guérison
66%
Altération
65%
Enchantement
65%
Eloquence
64%
Vol à la tire
64%
Conjuration
63%
Compétences Illusion
63%
Morrowind
63%
Crochetage
62%
Parade
62%
Molag Bal
61%
Cyrodiil
57%
Princes deadra Azura
49%
Méhrunes Dagon
48%
Jyggalag / Shéogorath
47%
Elsweyr
46%
Lenclume
46%
Boéthia
43%
Méridia
43%
Pierre du Serpent
43%
Pierre du Destrier
41%
Nocturne
40%
Orsinium / Haute-Roche
40%
Hircine
39%
Le Marais Noir
39%
Vil Clavicus
39%
Haute-Roche
38%
Hermaeus Mora
38%
Pierres levées Pierre de l'Amant
38%
Châtellerie de la Crevasse
36%
Malacath
33%
Namira
33%
Pierre de la Dame
33%
Pierre de l'Atronach
33%
Châtellerie de la Brèche
32%
Châtelleries Châtellerie du Clos
32%
Méphala
31%
Sanghin
31%
Val-Boisé
31%
Pays Le Couchant
30%
Châtellerie de Hjaalmarche
28%
Péryite
28%
Pierre de l'Ombre
28%
Vaermina
27%
Châtellerie d'Estemarche
26%
Pierre de la Tour
26%
Pierre de l'Apprenti
25%
Châtellerie de Haafingar
24%
Pierre du Seigneur
24%
Pierre du Rituel
16%
Aucun quiz correspondant
Distribution des résultats
% des personnes avec chaque résultat
Percentile par nombre de réponses
Votre historique - résultats
Vous n’avez pas pris ce quiz